000 00613nam a22001577a 4500
999 _c61183
_d61183
005 20231227173304.0
008 231227s1956 ru ||||| |||| 00| 0 rus d
041 _arus
080 _a94(37)(075.8) M-38
100 _aМашкин, Н. А.
_920922
245 _aИстория древнего Рима /
_cН. А. Машкин.
264 _aМосква :
_bГосударственное издательство политическая литературы,
_c1956.
300 _a612 с.:
_bил.;
_c23 см.
653 _aძველი რომის ისტორია
942 _2udc
_cᲬᲘᲒᲜᲘ